La gran guerra por la civilización: la conquista de oriente próximo
Uloženo v:
| Hlavní autor: | |
|---|---|
| Médium: | Kniha |
| Jazyk: | španělština |
| Vydáno: |
Barcelona
Destino
2006
|
| Vydání: | 1a. ed |
| Edice: | Imago Mundi, 89
|
| Témata: | |
| On-line přístup: | imagejn tapa |
| Tagy: |
Přidat tag
Žádné tagy, Buďte první, kdo vytvoří štítek k tomuto záznamu!
|
MARC
| LEADER | 00000nam a2200000 a 4500 | ||
|---|---|---|---|
| 001 | UCH0754 | ||
| 003 | CL-VaPUC | ||
| 008 | 090326e20060000SP |||||||||||||||||spa|d | ||
| 020 | |a 8423337871 | ||
| 082 | 0 | 4 | |a 070.44 |b FIS |2 21 |
| 100 | 0 | |a Fisk, Robert |e author |9 535067 | |
| 245 | 1 | 3 | |a La gran guerra por la civilización: la conquista de oriente próximo |
| 250 | |a 1a. ed | ||
| 300 | |a 1510 p | ||
| 942 | |c BK | ||
| 945 | |d 20090326 00:00:00 |a rbrito | ||
| 260 | |a Barcelona |b Destino |c 2006 | ||
| 650 | 0 | |a Periodismo |9 310113 | |
| 650 | 7 | |a NOTICIA PERIODISTICA |2 CL-VaPUC |9 406378 | |
| 650 | 7 | |a HISTORIA DEL MEDIO ORIENTE |2 CL-VaPUC |9 535068 | |
| 650 | 0 | |a Crónicas periodísticas |9 334474 | |
| 651 | 0 | |a Medio Oriente |9 268532 | |
| 856 | 7 | |f UCH0754_01.jpg |u http://opac.pucv.cl/pucv_img/Img-0500/UCH0754_01.jpg |q JEPG |2 file |z imagejn tapa | |
| 583 | |a last modification |c 20140403 05:12:31 |k Rodrigo Vera | ||
| 490 | 0 | |a Imago Mundi, 89 | |
| 999 | |c 332997 |d 332995 | ||
| 952 | |0 0 |1 0 |4 0 |6 070_440000000000000_FIS_2006 |7 0 |8 A |9 421107 |a BIBHIS |b BIBHIS |d 2019-11-22 |i 4524268 |o 070.44 FIS 2006 |p 4524268 |r 2025-01-20 |w 2019-11-22 |y BK |k HIS | ||